Effect of storage on properties of natural rubber sheets in Tripura (Record no. 46784)

MARC details
000 -LEADER
fixed length control field 00666nam a2200253Ia 4500
100 ## - MAIN ENTRY--AUTHOR NAME
Personal name Joseph Joy
245 #0 - TITLE STATEMENT
Title Effect of storage on properties of natural rubber sheets in Tripura
260 ## - PUBLICATION, DISTRIBUTION, ETC. (IMPRINT)
Name of publisher Natural Rubber Research
Year of publication 2012
300 ## - PHYSICAL DESCRIPTION
Number of Pages 100-106
500 ## - GENERAL NOTE
General note Source Year: 2012
650 ## - SUBJECT ADDED ENTRY--TOPICAL TERM
Topical Term Controlled conditions
650 ## - SUBJECT ADDED ENTRY--TOPICAL TERM
Topical Term Controlled conditions
650 ## - SUBJECT ADDED ENTRY--TOPICAL TERM
Topical Term North-East India
650 ## - SUBJECT ADDED ENTRY--TOPICAL TERM
Topical Term North-East India
650 ## - SUBJECT ADDED ENTRY--TOPICAL TERM
Topical Term Sheet bales
650 ## - SUBJECT ADDED ENTRY--TOPICAL TERM
Topical Term Sheet bales
650 ## - SUBJECT ADDED ENTRY--TOPICAL TERM
Topical Term Storage
650 ## - SUBJECT ADDED ENTRY--TOPICAL TERM
Topical Term Storage
700 ## - ADDED ENTRY--PERSONAL NAME
Personal name Dey S K
700 ## - ADDED ENTRY--PERSONAL NAME
Personal name Thomas K T
700 ## - ADDED ENTRY--PERSONAL NAME
Personal name Varghese L
942 ## - ADDED ENTRY ELEMENTS (KOHA)
Koha item type Articles
Holdings
Withdrawn status Lost status Damaged status Not for loan Home library Current library Shelving location Date acquired Serial Enumeration / chronology Koha item type
      Articles RRII Library RRII Library Rubber technology 13/03/2013 Volume 25, Issue 1 Articles